Statistics for Greek Mythology Multiple Choice

Click here to take the quiz!

General Stats

  • This quiz has been taken 710 times
  • The average score is 12 of 15

Answer Stats

QuestionAnswer% Correct
Who turned everything he touched into gold?King Midas
95%
How many heads did Cerberus have?3
93%
Who was the god of war?Ares
91%
Who was the father of Zeus?Cronus
89%
Who was chained to a rock for giving fire to mankind?Prometheus
88%
Whose kidnapping gives the reason for the seasons?Persephone
85%
On what island did the Minotaur live?Crete
83%
What is a half-man half-goat called?Satyr
83%
Who killed Medusa?Perseus
81%
What is the Greek form of the god Diana?Artemis
74%
Which of these was a symbol of Athena?Olive Tree
72%
What was Polyphemus?Cyclops
69%
Who was across the strait of Messina from Charybdis?Scylla
65%
Which of these takes place first?Iliad
64%
How many Muses were there?9
61%

Score Distribution

Percentile by Number Answered

Percent of People with Each Score

Your Score History

You have not taken this quiz